书目信息 |
| 题名: |
人工智能原理及MATLAB实现
|
|
| 作者: | 许国根 , 贾瑛 , 黄智勇 , 李茸 编著 | |
| 分册: | ||
| 出版信息: | 北京 人民邮电出版社 2024.03 |
|
| 页数: | 308页 | |
| 开本: | 26cm | |
| 丛书名: | 人工智能人才培养系列 | |
| 单 册: | ||
| 中图分类: | TP18 | |
| 科图分类: | ||
| 主题词: | Matlab软件--Matlab ruan jian--应用--人工智能 | |
| 电子资源: | ||
| ISBN: | 978-7-115-62302-7 | |
| 000 | 01310nam 2200325 450 | |
| 001 | 92774 | |
| 005 | 20250818140047.51 | |
| 010 | @a978-7-115-62302-7@dCNY79.80 | |
| 100 | @a20240328d2024 em y0chiy50 ea | |
| 101 | 0 | @achi |
| 102 | @aCN@b110000 | |
| 105 | @aak a 000yy | |
| 106 | @ar | |
| 200 | 1 | @a人工智能原理及MATLAB实现@Aren gong zhi neng yuan li ji MATLAB shi xian@f许国根 ... [等] 编著 |
| 210 | @a北京@c人民邮电出版社@d2024.03 | |
| 215 | @a308页@c图@d26cm | |
| 225 | 2 | @a人工智能人才培养系列@Aren gong zhi neng ren cai pei yang xi lie |
| 300 | @a人邮教育 | |
| 304 | @a题名页题其余责任者: 贾瑛, 黄智勇, 李茸 | |
| 320 | @a有书目 (第307-308页) | |
| 330 | @a本书系统地阐述人工智能的基本原理、实现技术及其应用, 基本涵盖人工智能的重要理论和方法, 包括机器学习、人工神经网络、深度学习、计算智能、数据挖掘、图像处理与识别技术等新技术、新理论。本书注重理论与实际相结合, 通过实际问题介绍各种理论和方法, 着重介绍各种人工智能算法的MATLAB实现。 | |
| 410 | 0 | @12001 @a人工智能人才培养系列 |
| 606 | 0 | @aMatlab软件@AMatlab ruan jian@x应用@x人工智能 |
| 690 | @aTP18@v5 | |
| 701 | 0 | @a许国根@Axu guo gen@4编著 |
| 701 | 0 | @a贾瑛@Ajia ying@4编著 |
| 701 | 0 | @a黄智勇@Ahuang zhi yong@4编著 |
| 701 | 0 | @a李茸@Ali rong@4编著 |
| 801 | 0 | @aCN@c20250909 |
| 905 | @a河南城建学院图书馆@dTP18@eX862@f1 | |
| 人工智能原理及MATLAB实现/许国根 ... [等] 编著.-北京:人民邮电出版社,2024.03 |
| 308页:图;26cm.-(人工智能人才培养系列) |
| 人邮教育 |
| ISBN 978-7-115-62302-7:CNY79.80 |
| 本书系统地阐述人工智能的基本原理、实现技术及其应用, 基本涵盖人工智能的重要理论和方法, 包括机器学习、人工神经网络、深度学习、计算智能、数据挖掘、图像处理与识别技术等新技术、新理论。本书注重理论与实际相结合, 通过实际问题介绍各种理论和方法, 着重介绍各种人工智能算法的MATLAB实现。 |
| ● |
| 相关链接 |
|
|
|
正题名:人工智能原理及MATLAB实现
索取号:TP18/X862
 
预约/预借
| 序号 | 登录号 | 条形码 | 馆藏地/架位号 | 状态 | 备注 |
| 1 | 1626738 | 216267386 | 自科库301/301自科库 102排5列4层/ [索取号:TP18/X862] | 在馆 |